| 000 | 004440000a22001690004500 | ||
|---|---|---|---|
| 003 | MACL | ||
| 005 | 20160216145623.0 | ||
| 008 | 160216b xxu||||| |||| 00| 0 eng d | ||
| 040 |
_aMACL _cMACL |
||
| 041 | _aHindi | ||
| 082 | _a320 | ||
| 245 | _aआधूनिक राजनीतिका क.ख.ग | ||
| 260 |
_bरचना निकेत _aकाशी |
||
| 350 | _a1.50 | ||
| 650 |
_aPolitical _938494 |
||
| 942 |
_cHIN _k320 _2ddc |
||
| 999 |
_c24804 _d24804 |
||